Uni of Hertfordshire - UG Prospectus 2001 (Record no. 195082)
[ view plain ]
| 000 -LEADER | |
|---|---|
| fixed length control field | 00935 a2200157 4500 |
| 003 - CONTROL NUMBER IDENTIFIER | |
| control field | Nust |
| 005 - DATE AND TIME OF LATEST TRANSACTION | |
| control field | 20170207154215.0 |
| 040 ## - CATALOGING SOURCE | |
| Transcribing agency | Nust |
| 082 ## - DEWEY DECIMAL CLASSIFICATION NUMBER | |
| Classification number | 378.4 |
| 245 ## - TITLE STATEMENT | |
| Title | Uni of Hertfordshire - UG Prospectus 2001 |
| Statement of responsibility, etc. | Uni of Hertfordshire |
| 260 ## - PUBLICATION, DISTRIBUTION, ETC. | |
| Place of publication, distribution, etc. | Hertfordshire |
| Name of publisher, distributor, etc. | Uni of Hertfordshire |
| Date of publication, distribution, etc. | 2001 |
| 300 ## - PHYSICAL DESCRIPTION | |
| Extent | 308 p. |
| 505 ## - FORMATTED CONTENTS NOTE | |
| Formatted contents note | Enjoying Life in Hertfordshire (Page-6) Socialising on Campus (Page-10) Keeping Fit Indoors and out (Page-16) Finding Somewhere to Live (Page-20) Studying at the Hatfield Campus (Page-24) Studying at the Watford Campus (Page-30) Observatory and Field Station (Page-36) Planning your Studies (Page-40) Studying on Part-time Course (Page-44) Developing your Career (Page-46) Finding Help if you Need it (Page-48) More about the Uni (Page-50) Working in Partnership (Page-52) How to Apply (Page-54) Faculties (Page-56) How to Find us (Page-293) |
| 538 ## - SYSTEM DETAILS NOTE | |
| System details note | Almirah No. 117 Shelf No. 2 |
| 650 ## - SUBJECT ADDED ENTRY--TOPICAL TERM | |
| Topical term or geographic name entry element | UG Prospectus |
| 942 ## - ADDED ENTRY ELEMENTS (KOHA) | |
| Source of classification or shelving scheme | |
| Koha item type | Book |
| Withdrawn status | Lost status | Source of classification or shelving scheme | Damaged status | Not for loan | Collection code | Permanent Location | Current Location | Date acquired | Total Checkouts | Full call number | Barcode | Date last seen | Price effective from | Koha item type |
|---|---|---|---|---|---|---|---|---|---|---|---|---|---|---|
| Military College of Signals (MCS) | Military College of Signals (MCS) | 12/12/2016 | 378.4 UNI | MCSPS-64 | 12/08/2016 | 12/12/2016 | Book |
